00507 2200181 4500245011600000250001100116100001800127700002600145100002200171700001800193650001600211005001900227260000900246041001400255084001100269500003600280336000900316 aLaporan Kegiatan Praktik Kerja Industri di Gapura Prima Mega Kuningan Kota Jakarta SelatancEryandi CahyahText aCet. 1 aEryandi Cahya aHerfina Ifi Nurfaizah aM. Dzaky Al-Fiqri aSaarah Aliyah aLaporan PKL a20231030133742 c2022 aIndonesia a378.34 aLaporan PKL Kelas XI Perhotelan atext